[Event "Vallfogona rapid op 27th"]
[Site "Vallfogona de Balaguer"]
[Date "2019.09.22"]
[Round "1"]
[White "Oliva Castaneda, Kevel"]
[Black "Herreros Angrill, Jaume"]
[Result "1-0"]
[WhiteElo "2470"]
[BlackElo "1810"]
[PlyCount "68"]
[EventDate "2019.09.22"]
[EventType "swiss (rapid)"]
[EventRounds "9"]
[EventCountry "ESP"]
[SourceTitle "EXT 2020"]
[Source "ChessBase"]
[SourceDate "2019.10.17"]
[SourceVersion "1"]
[SourceVersionDate "2019.10.17"]
[SourceQuality "1"]

1. d4 Nf6 2. c4 e6 3. g3 d5 4. Nf3 Bb4+ 5. Bd2 Bxd2+ 6. Qxd2 Nbd7 7. Bg2 c6 8. 0-0 dxc4 9. Na3 b5 10. Ng5 Qb6 11. Qb4 Bb7 12. Rfd1 h6 13. Nh3 Nd5 14. Qd6 g5 15. Rac1 Qc7 16. Nxb5 cxb5 17. Qxc7 Nxc7 18. Bxb7 Rd8 19. b3 Nb6 20. bxc4 Nxc4 21. Bc6+ Ke7 22. Bxb5 Nxb5 23. Rxc4 e5 24. e3 Rd5 25. a4 Nd6 26. Rc7+ Ke6 27. f3 Ra5 28. dxe5 Rxe5 29. Nf2 Rxe3 30. Rc6 Rd8 31. Ne4 Rxe4 32. fxe4 Ke5 33. Rd5+ Ke6 34. Rd1 Ke5 1-0

[Event "Lleida Province-ch"]
[Site "Tornabous"]
[Date "2014.11.23"]
[Round "8"]
[White "Argerich Farras, Jose"]
[Black "Herreros Angrill, Jaume"]
[Result "1-0"]
[WhiteElo "2171"]
[BlackElo "1926"]
[PlyCount "65"]
[EventDate "2014.10.05"]
[EventType "swiss"]
[EventRounds "9"]
[EventCountry "ESP"]
[SourceTitle "CBM 163 Extra"]
[Source "ChessBase"]
[SourceDate "2014.12.23"]
[SourceVersion "1"]
[SourceVersionDate "2014.12.23"]
[SourceQuality "1"]

1. Nf3 Nf6 2. d4 d5 3. Bf4 e6 4. e3 Bd6 5. Bg5 h6 6. Bh4 Nbd7 7. Nbd2 0-0 8. c3 c6 9. Qb3 a5 10. c4 Re8 11. Be2 e5 12. cxd5 cxd5 13. dxe5 Bxe5 14. Nxe5 Rxe5 15. Rc1 g5 16. Bg3 Re6 17. Nf3 a4 18. Qb4 Rb6 19. Qa3 Rc6 20. 0-0 Ne4 21. Nd4 Rf6 22. Bc7 Qf8 23. Qxf8+ Nxf8 24. f3 Nd2 25. Rfd1 Nc4 26. Bxc4 dxc4 27. Rxc4 Ne6 28. Be5 Rg6 29. Nf5 Kh7 30. Ne7 Ra5 31. Bc3 Rc5 32. Rxc5 Nxc5 33. Nxc8 1-0

[Event "Lleida Province-ch"]
[Site "Tornabous"]
[Date "2014.11.09"]
[Round "6"]
[White "Aribau Rivas, Miguel Angel"]
[Black "Herreros Angrill, Jaume"]
[Result "0-1"]
[WhiteElo "2150"]
[BlackElo "1926"]
[PlyCount "67"]
[EventDate "2014.10.05"]
[EventType "swiss"]
[EventRounds "9"]
[EventCountry "ESP"]
[SourceTitle "CBM 163 Extra"]
[Source "ChessBase"]
[SourceDate "2014.12.23"]
[SourceVersion "1"]
[SourceVersionDate "2014.12.23"]
[SourceQuality "1"]

1. Nf3 Nf6 2. c4 c5 3. g3 b6 4. Bg2 Bb7 5. 0-0 e6 6. Nc3 Be7 7. b3 d5 8. cxd5 exd5 9. d4 a6 10. Bb2 0-0 11. Rc1 Nbd7 12. e3 Rc8 13. a4 Ne4 14. Nxe4 dxe4 15. Nd2 f5 16. g4 Bd6 17. h3 Bb8 18. Re1 Qc7 19. Nf1 a5 20. gxf5 Rxf5 21. Qg4 Rcf8 22. Rc2 h6 23. h4 h5 24. Qg6 R8f6 25. Qe8+ Nf8 26. d5 Rg6 27. Ng3 Rxg3 28. Qxe4 Bxd5 29. Qxf5 Rxg2+ 30. Kf1 Be6 31. Qf3 Rg6 32. e4 Qh2 33. Qe3 Bh3+ 34. Ke2 0-1

[Event "Lleida Province-ch"]
[Site "Tornabous"]
[Date "2014.10.12"]
[Round "2"]
[White "Cosialls Ris, Ramon"]
[Black "Herreros Angrill, Jaume"]
[Result "1/2-1/2"]
[WhiteElo "1932"]
[BlackElo "1926"]
[PlyCount "124"]
[EventDate "2014.10.05"]
[EventType "swiss"]
[EventRounds "9"]
[EventCountry "ESP"]
[SourceTitle "CBM 163 Extra"]
[Source "ChessBase"]
[SourceDate "2014.12.23"]
[SourceVersion "1"]
[SourceVersionDate "2014.12.23"]
[SourceQuality "1"]

1. e4 e5 2. Nf3 Nc6 3. Bb5 f5 4. exf5 e4 5. Bxc6 dxc6 6. Qe2 Qe7 7. Nd4 Nf6 8. 0-0 c5 9. Ne6 Bxe6 10. fxe6 0-0-0 11. Nc3 Qxe6 12. d3 Qc6 13. dxe4 Be7 14. Bg5 h6 15. Bh4 g5 16. Bg3 a6 17. Rad1 Rde8 18. Nd5 Nxd5 19. Rxd5 Bf6 20. Qg4+ Re6 21. Rxc5 Qxe4 22. Qxe4 Rxe4 23. Rxc7+ Kd8 24. Rd1+ Ke8 25. Rc8+ Kf7 26. Rxh8 Bxh8 27. f3 Re2 28. Rd7+ Kg6 29. Rxb7 Rxc2 30. Rb6+ Kh7 31. Rxa6 Rxb2 32. h3 Bd4+ 33. Kh2 Rb1 34. Bc7 Bf2 35. a4 h5 36. g4 Rb2 37. Kh1 h4 38. a5 Bd4 39. Re6 Rb1+ 40. Kg2 Rb2+ 41. Kf1 Rf2+ 42. Ke1 Rxf3 43. Bb6 Bxb6 44. axb6 Rxh3 45. Re5 Rg3 46. Rb5 Re3+ 47. Kf2 Re8 48. b7 Rb8 49. Rb6 Kg7 50. Kf3 Kf7 51. Ke4 Kg7 52. Kf3 Kf7 53. Ke4 Kg7 54. Kf5 h3 55. Kxg5 h2 56. Rh6 Rxb7 57. Rxh2 Rb5+ 58. Kh4 Kg6 59. Re2 Rb6 60. Re5 Ra6 61. Rg5+ Kh6 62. Rh5+ Kg6 1/2-1/2

[Event "Barcelona Tona op 1st"]
[Site "Barcelona"]
[Date "2011.12.07"]
[Round "5"]
[White "Triadu Cassa, Jordi"]
[Black "Herreros Angrill, Jaume"]
[Result "0-1"]
[WhiteElo "2267"]
[BlackElo "1936"]
[PlyCount "66"]
[EventDate "2011.12.05"]
[EventType "swiss"]
[EventRounds "8"]
[EventCountry "ESP"]
[SourceTitle "CBM 145 Extra"]
[Source "ChessBase"]
[SourceDate "2012.01.03"]
[SourceVersion "1"]
[SourceVersionDate "2012.01.03"]
[SourceQuality "1"]

1. e4 d6 2. d4 Nf6 3. Nc3 g6 4. Be3 Bg7 5. Qd2 a6 6. Bd3 Nbd7 7. Nf3 0-0 8. h3 b5 9. a4 b4 10. Ne2 a5 11. 0-0 Ba6 12. Ng3 c5 13. c3 c4 14. Be2 b3 15. e5 Ne8 16. Bh6 f6 17. Rfd1 d5 18. h4 Bxh6 19. Qxh6 Ng7 20. Re1 e6 21. exf6 Nxf6 22. Ne5 Nd7 23. Bg4 Nxe5 24. dxe5 Ra7 25. h5 Qh4 26. Qe3 Raf7 27. h6 Qxg4 28. hxg7 Kxg7 29. Re2 d4 30. cxd4 c3 31. bxc3 Bxe2 32. Nxe2 Rxf2 33. Ng3 Ra2 0-1

[Event "Balaguer op 16th "]
[Site "Balaguer"]
[Date "2011.07.25"]
[Round "9"]
[White "Fabrega Ramon, Sergi"]
[Black "Herreros Angrill, Jaume"]
[Result "1-0"]
[WhiteElo "1731"]
[BlackElo "1727"]
[PlyCount "65"]
[EventDate "2011.07.17"]
[EventType "swiss"]
[EventRounds "9"]
[EventCountry "ESP"]
[SourceTitle "CBM 143 Extra"]
[Source "ChessBase"]
[SourceDate "2011.08.29"]
[SourceVersion "1"]
[SourceVersionDate "2011.08.29"]
[SourceQuality "1"]

1. e4 c5 2. Nf3 Nc6 3. c3 d6 4. d4 cxd4 5. Nxd4 Nf6 6. Qd3 Bd7 7. Be3 g6 8. h3 Bg7 9. Nd2 Ne5 10. Qc2 Nc6 11. Bd3 Nxd4 12. Bxd4 e5 13. Be3 Bc6 14. f3 Nd7 15. Nb3 a5 16. Qe2 a4 17. Nd2 Qe7 18. 0-0 Rb8 19. Bb5 0-0 20. Qc4 Nc5 21. Bxc5 Bxb5 22. Qxb5 dxc5 23. Qxa4 b5 24. Qc2 Bh6 25. Rfd1 Rbd8 26. b3 c4 27. bxc4 bxc4 28. Kh1 Bxd2 29. Rxd2 Rxd2 30. Qxd2 Rd8 31. Qe2 Rd3 32. Qc2 Qc7 33. Kg1 1-0

[Event "Balaguer op 16th "]
[Site "Balaguer"]
[Date "2011.07.24"]
[Round "8"]
[White "Herreros Angrill, Jaume"]
[Black "Arno Bendicho, Arnau"]
[Result "1/2-1/2"]
[WhiteElo "1727"]
[BlackElo "1917"]
[PlyCount "57"]
[EventDate "2011.07.17"]
[EventType "swiss"]
[EventRounds "9"]
[EventCountry "ESP"]
[SourceTitle "CBM 143 Extra"]
[Source "ChessBase"]
[SourceDate "2011.08.29"]
[SourceVersion "1"]
[SourceVersionDate "2011.08.29"]
[SourceQuality "1"]

1. e4 c5 2. d4 cxd4 3. c3 dxc3 4. Nxc3 Nc6 5. Nf3 e6 6. Bc4 d6 7. 0-0 Be7 8. Qe2 a6 9. Rd1 Qc7 10. Be3 Nf6 11. Rac1 0-0 12. Bb3 Nd7 13. Nd5 exd5 14. exd5 Nc5 15. Bc2 Bg4 16. dxc6 bxc6 17. b4 Ne6 18. Qd3 g6 19. Bh6 Rfc8 20. Bb3 Qd8 21. Nd4 d5 22. f3 c5 23. bxc5 Nxc5 24. Rxc5 Bxc5 25. fxg4 Qf6 26. Kh1 Bxd4 27. Qxd4 Qxd4 28. Rxd4 Re8 29. h3 1/2-1/2

[Event "Balaguer op 16th "]
[Site "Balaguer"]
[Date "2011.07.19"]
[Round "3"]
[White "Herreros Angrill, Jaume"]
[Black "Codina Garcia, Jose"]
[Result "0-1"]
[WhiteElo "1727"]
[BlackElo "2133"]
[PlyCount "26"]
[EventDate "2011.07.17"]
[EventType "swiss"]
[EventRounds "9"]
[EventCountry "ESP"]
[SourceTitle "EXT 2012"]
[Source "ChessBase"]
[SourceDate "2011.11.24"]
[SourceVersion "1"]
[SourceVersionDate "2011.11.24"]
[SourceQuality "1"]

1. Nf3 d5 2. b4 Bf5 3. Bb2 e6 4. e3 Nf6 5. c4 dxc4 6. Qa4+ c6 7. b5 Be7 8. bxc6 Nxc6 9. Nd4 Qb6 10. Nb5 0-0 11. Ba3 Bxa3 12. N5xa3 Qb2 13. Nxc4 Qxa1 0-1